000 01256cab a2200289 4500
001 ABS45197
008 090401t1991 xxu||||| |||| 00| 0 eng d
035 _a(Sirsi) u51465
041 _aeng
100 _aFranklin, K.
245 _aConstruction law update
260 _c1991
350 _a0
490 _aSolicitors` Journal
_v135(39) 11 october 1991, 1107-1108(2)
520 _aReview of recent cases including "Wates Construction (London) Limited v Franthom Property Ltd" (Abs 44353) and "JF Finnegan Ltd v Ford Sellar Morris Developments Ltd" (Abs 44635) concerning retention monies; "Linden Gardens v Lenesta Sludge Disposals" (Abs 43838) and "St Martins v McAlpine" (Abs 44218) on assignment; "Andrews v Schooling, Chester and Multiplex Homes Ltd" (Abs 44623) on Defective Premises Act 1972; "Watts v Morrow" (Abs 44162) and "Syrett c Carr & Neave" (Abs 43868) on surveyors negligence and "Joan Horbury v Craig Hall and Rutley" on damages.
650 _aASSIGNMENT
650 _aCASE LAW
650 _aDAMAGES
650 _aDEFECTIVE PREMISES ACT 1972
650 _aNEGLIGENCE
650 _aRETENTION MONIES
650 _aSURVEYORS
690 _aBUILT ENVIRONMENT
700 _aBurns, A.
942 _n0
948 _c04/03/1997
999 _c31957
_d31957